| Поле | Инд. | ПП | Название | Значение |
|---|---|---|---|---|
| Тип записи | a | |||
| Библиографический уровень | m | |||
| 001 | Контрольный номер | 8cac6451-070b-44ce-bc4c-3a4ffc632b13 | ||
| 005 | Дата корректировки | 20140703133031.5 | ||
| 008 | Кодируемые данные | 050128 | ||
| 020 | c | Цена, тираж | б/ц | |
| 040 | a | Служба первич. каталог. | НБ ТвГУ | |
| 041 | a | Код языка текста | rus | |
| 080 | a | Индекс УДК | 808.2(072.8-054.6-057.36)(043.3) | |
| 084 | a | Индекс другой классификации/Индекс ББК | Ш141.12-916.3я031 | |
| 090 | x | Авторский знак | С79 | |
| a | Полочн. индекс | Ш141.12 | ||
| 100 | 1_ | a | Автор | Степанова Ирина Сергеевна |
| 245 | 10 | a | Заглавие | Формирование единого учебно-методического комплекса по обучению русскому языку иностранных военнослужащих |
| b | Продолж. заглавия | автореф. дис. ... канд. пед. наук : 13.00.08 | ||
| c | Ответственность | МЧС России, С.-Петерб. ин-т Гос. противопожар. службы, [Воен.-мор. инж. ин-т, Каф. рус. яз.] | ||
| 260 | 0_ | a | Место издания | СПб. |
| b | Издательство | ГПС МЧС России | ||
| c | Дата издания | 2004 | ||
| 300 | a | Объем | 22 с. | |
| b | Иллюстрации/ тип воспроизводства | табл. | ||
| 500 | a | Примечание | На правах рукоп. | |
| 504 | a | Библиография | Библиогр.: с. 22. | |
| 583 | a | Действие | Получение впервые 10 28.01.2005 | |
| 650 | a | Основная рубрика | Русский язык | |
| x | Основная подрубрика | Методика преподавания иностранцам | ||
| 653 | a | Ключевые слова | Русский язык | |
| a | Ключевые слова | Преподавание русского языка | ||
| a | Ключевые слова | Обучение иностранцев | ||
| a | Ключевые слова | Обучение иностранных военнослужащих | ||
| a | Ключевые слова | Авторефераты | ||
| a | Ключевые слова | Методика | ||
| 852 | t | Порядковый номер экземпляра | 1 | |
| p | Инвентарный номер | б/н | ||
| 888 | a | Бесплатные | ||
| 930 | a | Новая/Ретро | авторефераты | |
| a | Новая/Ретро | методика | ||
| 952 | p | 10.2005 б/ц 1 б/н | ||
| c | Вид литературы | А/Р н | ||
| 954 | a | Дата поступления на обработку | 20050314 | |
| 999 | a | Подразделение 2 | ч.з. |